书目信息 |
| 题名: |
阅读7堂课
|
|
| 作者: | 秋叶 , 秦阳 著 | |
| 分册: | ||
| 出版信息: | 北京 人民邮电出版社 2020.12 |
|
| 页数: | 11, 240页 | |
| 开本: | 24cm | |
| 丛书名: | 秋叶特训营 | |
| 单 册: | ||
| 中图分类: | H193.7 | |
| 科图分类: | ||
| 主题词: | 汉语--han yu--阅读教学 | |
| 电子资源: | ||
| ISBN: | 978-7-115-54925-9 | |
| 000 | 01136nam 2200277 450 | |
| 001 | 202021193496 | |
| 005 | 20211025120141.0 | |
| 010 | @a978-7-115-54925-9@dCNY69.80 | |
| 100 | @a20210930d2020 em y0chiy50 ea | |
| 101 | 0 | @achi |
| 102 | @aCN@b110000 | |
| 105 | @aa z 000yy | |
| 106 | @ar | |
| 200 | 1 | @a阅读7堂课@Ayue du 7 tang ke@f秋叶, 秦阳著 |
| 210 | @a北京@c人民邮电出版社@d2020.12 | |
| 215 | @a11, 240页@c图@d24cm | |
| 225 | 2 | @a秋叶特训营@Aqiu ye te xun ying |
| 314 | @a秋叶, 百万畅销书作者, 秋叶商学院创始人, 秋叶PPT创始人, 中欧商学院私享会导师。秦阳, 秋叶职场联合创始人, 百万畅销书作者。 | |
| 330 | @a本书以7堂课的形式, 系统地总结了高效的阅读方法, 主要包括“方法: 读书有哪些好方法”“批判: 带着自己的头脑去阅读”“联机: 让网络放大你的阅读视野”“框架: 学会主题阅读真正成为高手”“赋能: 通过阅读让自己成为更厉害的人”“复利: 用阅读打造你的个人品牌”“买书: 如何用小代价买到好书”。 | |
| 410 | 0 | @12001 @a秋叶特训营 |
| 606 | 0 | @a汉语@Ahan yu@x阅读教学 |
| 690 | @aH193.7@v5 | |
| 701 | 0 | @a秋叶@Aqiu ye@4著 |
| 701 | 0 | @a秦阳@Aqin yang@4著 |
| 801 | 0 | @aCN@c20210909 |
| 905 | @a河南城建学院图书馆@dH193.7@eQ760 | |
| 阅读7堂课/秋叶, 秦阳著.-北京:人民邮电出版社,2020.12 |
| 11, 240页:图;24cm.-(秋叶特训营) |
| ISBN 978-7-115-54925-9:CNY69.80 |
| 本书以7堂课的形式, 系统地总结了高效的阅读方法, 主要包括“方法: 读书有哪些好方法”“批判: 带着自己的头脑去阅读”“联机: 让网络放大你的阅读视野”“框架: 学会主题阅读真正成为高手”“赋能: 通过阅读让自己成为更厉害的人”“复利: 用阅读打造你的个人品牌”“买书: 如何用小代价买到好书”。 |
| ● |
| 相关链接 |
|
|
|
正题名:阅读7堂课
索取号:H193.7/Q760
 
预约/预借
| 序号 | 登录号 | 条形码 | 馆藏地/架位号 | 状态 | 备注 |
| 1 | 1542601 | 215426019 | 语言库209/209语言库 77排3列2层/ [索取号:H193.7/Q760] | 在馆 | |
| 2 | 1542602 | 215426028 | 语言库209/209语言库 77排3列2层/ [索取号:H193.7/Q760] | 在馆 | |
| 3 | 1542603 | 215426037 | 语言库209/209语言库 77排3列2层/ [索取号:H193.7/Q760] | 在馆 |